Union Jack Countries/Territories - Statistics

General Stats
  • This quiz has been taken 48 times
  • The average score is 12 of 22
Answer Stats
Country/Territory % Correct
Australia
97%
New Zealand
97%
United Kingdom
92%
Fiji
89%
Tuvalu
71%
Bermuda
66%
Anguilla
55%
British Virgin Islands
55%
Falkland Islands
55%
Montserrat
55%
Cayman Islands
53%
Turks- and Caicos Islands
53%
British Indian Ocean Territory
50%
Cook Islands
45%
Pitcairn Islands
45%
Saint Helena
45%
Hawaii
39%
South Georgia and the South Sandwich Islands
39%
Ascension
37%
Niue
37%
British Antarctic Territory
32%
Tristan da Cunha
26%
No matching quizzes found
Score Distribution
Percent of People with Each Score
Percentile by Number Answered
Your Score History
You have not taken this quiz